| 000 | 00794nam a22002177a 4500 | ||
|---|---|---|---|
| 005 | 20081020163332.0 | ||
| 008 | 081020t xxu||||| |||| 00| 0 eng d | ||
| 010 | _aENG-84174 | ||
| 020 | _a8175412887 | ||
| 020 | _c400.00 (hb) | ||
| 035 | _aEN-67707 | ||
| 082 | _a301.153 | ||
| 100 | _aRoy, Ramashrey | ||
| 245 |
_aGandhi and Ambedkar: _ba study in contrast / _cby Ramashray Roy |
||
| 260 |
_aDelhi _bShipra Publications _e115-A, Vikas Marg, Shakar Pur, Delhi-110092 |
||
| 260 | _c2006 | ||
| 300 |
_avi,243p _c22cm |
||
| 500 | _aIncludes bibliographical references and index | ||
| 942 |
_2ddc _cEN _h301.153 _mROY |
||
| 999 |
_c17136 _d17136 |
||